000 01370nam a2200349 c 4500
003 BLK
005 20200201162902.0
008 180408b bul|||||r ||||||| ||bul||
010 _aKNG00061450000
040 _aBLK
041 _aBUL
_cBUL
080 _aОбщо езикознание и филология
_b81
_x(497.2)(092)
_z81(497.2)(092)
080 _aБиографии
_b929
_x(497.2)
_z929(497.2)
100 1 _aПървев, Христо Иванов
_eпърви автор
_9369318
139 _aПървев, Христо Иванов
_bП 97
245 1 0 _aСъздатели и творци на българското езикознание
_bБиогр. очерци
_cХристо Иванов Първев.
257 _aBGR
260 София
_bНар. просв.
_c1987
_fХасково : Ат. Стратиев
300 _a376 с.
_c21 см
380 _a80
500 _aБиблиогр. с. 316 ; Именен, темат. показалец
504 _a316
650 4 _aЕзиковеди, български - популярна литература
_9287626
653 _aбългарско езикознание
653 _aистория
653 _aбиографии
852 _aЦб 151315
856 4 _qpdf
_u
856 4 _qpdf
_u
942 _cKNG
_n0
_01
944 _aCR
_c13.06.2004
_kДиана_Димитрова
944 _aED
_c21.02.2011
_k
999 _c57447
_d57447